| 000 | 00648cam a2200181 4500 | ||
|---|---|---|---|
| 001 | T100515 | ||
| 008 | 000000n1954 000 0 eng u | ||
| 035 | _a(Sirsi) u100515 | ||
| 110 |
_aEngland and Wales _bLands Tribunal _91252 |
||
| 245 | _aAbernant Hotel and Estate Company Ltd v Idwal Davies (VO) | ||
| 260 | _c1954 | ||
| 520 | _aLVC/400/1953. 6 Oct 1954. Reported in 47 R&IT 694) Archived in offsite storage. Please ask library for further details | ||
| 650 | _aABERNANT HOTEL AND ESTATE COMPANY LTD V IDWAL DAVIES (VO) | ||
| 650 | _aGOLF COURSES | ||
| 650 | _aRATING APPEALS | ||
| 690 | _aRATING AND VALUATION -CASE LAW | ||
| 942 | _n0 | ||
| 999 |
_c60131 _d60131 |
||